000 00612nam a22002177a 4500
003 UA-OsUOA
001 126841
007 ta
008 20171109b un ||||| |||| 00| 0 ukr d
090 _a821.161.2
_bУ45
942 _cBK
040 _aUA-OsUOA
_bukr
_cUA-OsUOA
_dUA-OsUOA
245 _aУкраїнська байка
_cупоряд. Б. А. Деркач, В. Т. Косяченко
300 _a463 с.
955 _a3
041 _aukr
080 _a821.161.2
260 _aК.
_bДніпро
_c1983
650 7 _a82 Література. Літературознавство
_2UDC
999 _c413702
_d413702